Análisis de requerimientos, diseño y construcción de un simulador de lluvia a nivel de laboratorio, para la cuantificación de propiedades física-erosivas de gotas

Uloženo v:
Podrobná bibliografie
Hlavní autor: Kaune Schmidt, Alexander José
Médium: Kniha
Vydáno: [San José, Costa Rica] 2010
Témata:
Tagy: Přidat tag
Žádné tagy, Buďte první, kdo vytvoří štítek k tomuto záznamu!

MARC

LEADER 00000nam a2200000Ia 4500
003 010214
005 20221231144032.0
008 140114s2010 cr a 000 ||s d
040 |c cru CEDI 
090 |a TFG 6268 
100 |a Kaune Schmidt, Alexander José   |9 2805 
245 |a Análisis de requerimientos, diseño y construcción de un simulador de lluvia a nivel de laboratorio, para la cuantificación de propiedades física-erosivas de gotas 
260 |c 2010  |b [San José, Costa Rica] 
500 |a Tesis (licenciatura en ingeniería agrícola)--Universidad de Costa Rica. Facultad de Ingeniería. Escuela de Ingeniería Agrícola 
650 |x SIMULADORES DE LLUVIA - DISEÑO Y CONSTRUCCION  |x GOTAS DE LLUVIA - MEDICION   |x GOTAS DE LLUVIA - EVALUACION  |x EROSION DE SUELOS   |x ESCORRENTIA  |x  PERMEABILIDAD DE SUELOS  |9 2806 
942 |c TFG 
999 |c 15936  |d 15936